000 00481ntaaa2200181 4500
003 01
005 20251027202636.0
008 0714s1973 ag 01
040 _aAR-BaBN
_bspa
_cAR-BaBN
_eaacr
_dRIC
082 _a372.21 V24
100 _aValle, D.
_925788
245 _aJardín de infantes /
_cD. Valle
260 _aArgentina :
_bEdit. Hobby,
_c1962
300 _a127 p.
500 _aContiene manualidades
500 _aBAJA PATRIMONIAL POR OBSOLESCENCIA 20190405
942 _cBK
999 _c21572
_d21572